Sovietsky plagát u nás

Bibliographic Details
Main Author: Budská, Viera, 1946-2019 (Author)
Format: Article
Language:Slovak
PhysicalDescription:Obr.
Subjects:

MARC

LEADER 00000nab a2200000 ar4500
001 vtls009348464
003 SK-MaSNL
005 20260426062917.0
008 081016c1974 xo |r|p|||||||000 b|slo
015 |a SNBRB1974 
038 |a SNKBUCL 
040 |a SNKBUCL  |b slo  |c SNKBUCL  |e AACR2 
041 |a slo 
044 |a xo  |c SK 
080 |a 766:659.133.1:061.4  |2 1997 
080 |a 659.133.1  |2 1997 
100 1 |a Budská, Viera,  |d 1946-2019  |4 aut  |9 56597 
245 1 0 |a Sovietsky plagát u nás  |c Viera Budská 
300 |b Obr. 
648 7 |a 1974  |2 snkbucl  |9 337786 
650 0 7 |a Sovietsky politický plagát (výstava)  |2 snkbucl  |9 1283661 
651 7 |a Bratislava (Slovensko)  |2 snkbucl  |9 14568 
773 0 |t Sloboda  |g Roč. 29, č. 5 (1974), s. 4 
852 |a SNK  |b KIS3GCP 
958 |a SK 
999 |c 2550720  |d 2552650